| 000 | 00560nam a2200217Ia 4500 | ||
|---|---|---|---|
| 003 | OSt | ||
| 005 | 20220926002622.0 | ||
| 006 | a|||||r|||| 00| 0 | ||
| 007 | ta | ||
| 008 | 220923b |||||||| |||| 00| 0 eng d | ||
| 037 | _cGeneral Book | ||
| 040 |
_aRTL _cRTL _beng |
||
| 041 |
_2eng _aeng |
||
| 082 | _aXM5:8F, M9 | ||
| 100 | _aMonga J R | ||
| 245 | 0 | _aCompany Accounts | |
| 260 |
_a New Delhi _bNational Publishing House _c1989 |
||
| 300 |
_a816p _ccm. |
||
| 942 |
_hXM5:8F, M9 _cGB _2CC |
||
| 999 |
_c605602 _d605602 |
||